Statistiques concernant Pays avec un ou plusieurs D

Cliquez ici pour prendre le quiz!

Statistiques générales

  • Ce quiz a été pris 2 365 fois
    (1 773 depuis la dernière actualisation)
  • Le résultat moyen est 27 sur 43

Statistiques - réponses

Nombre de DPays% Correct
DDanemark
96%
DRépublique dominicaine
79%
DDCorée du Sud
77%
DDjibouti
77%
DDominique
77%
DInde
76%
DIrlande
76%
DIndonésie
75%
DFinlande
74%
DIslande
74%
DDCorée du Nord
73%
DDRépublique démocratique du Congo
73%
DRépublique du Congo
72%
DSoudan
72%
DDAfrique du Sud
69%
DCanada
69%
DDDSoudan du Sud
69%
DSuède
66%
DMadagascar
65%
DDDMacédoine du Nord
64%
DHonduras
63%
DAndorre
61%
DBarbade
60%
DTadjikistan
60%
DArabie Saoudite
59%
DAzerbaïdjan
59%
DCambodge
57%
DJordanie
57%
DNouvelle-Zélande
56%
DGrenade
54%
DMoldavie
53%
DAntigua-et-Barbuda
52%
DBangladesh
51%
DThaïlande
51%
DSaint-Vincent-et-les-Grenadines
49%
DTchad
49%
DCôte d'Ivoire
48%
DMaldives
48%
DFidji
47%
DOuganda
47%
DBurundi
46%
DRwanda
45%
DSalvador
43%

Distribution des résultats

Percentile par nombre de réponses

% des personnes avec chaque résultat

Votre développement - résultats

Vous n’avez pas pris ce quiz depuis la dernière actualisation